[Event "Mestre Sheraton op-B 1st"]
[Site "Mestre"]
[Date "2021.02.28"]
[Round "4"]
[White "Paparella, Nicole Samantha"]
[Black "Bonetti, Alberto"]
[Result "1-0"]
[WhiteElo "1685"]
[BlackElo "1468"]
[PlyCount "65"]
[EventDate "2021.02.26"]
[EventType "swiss"]
[EventRounds "5"]
[EventCountry "ITA"]
[SourceTitle "EXT 2023"]
[Source "ChessBase"]
[SourceDate "2022.10.05"]
[SourceVersion "1"]
[SourceVersionDate "2022.10.05"]
[SourceQuality "1"]

1. e4 c5 2. Nc3 e6 3. g3 Nc6 4. Bg2 Nf6 5. d3 d6 6. f4 a6 7. a3 g6 8. Nf3 Bg7 9. 0-0 0-0 10. h3 Nd7 11. Kh2 f5 12. Rb1 Nb6 13. Be3 Bd7 14. Qe1 Qf6 15. e5 Qe7 16. Qf2 Nc8 17. exd6 Nxd6 18. Bxc5 Rfd8 19. Rfe1 Be8 20. Ng5 Bf7 21. Nd5 Qd7 22. Nb6 Qe7 23. Nxa8 Rxa8 24. Nxf7 Kxf7 25. d4 Qd7 26. d5 exd5 27. Bxd5+ Kf8 28. Re6 Qc8 29. Bxd6+ Ne7 30. Bxe7+ Ke8 31. Bd6+ Kd7 32. Be5 Kd8 33. Qb6+ 1-0